Dizionario universale delle arti e delle scienze... (Record no. 8618)
[ view plain ]
| 000 -CABECERA | |
|---|---|
| campo de control de longitud fija | 00853nam a2200217 a 4500 |
| 001 - NÚMERO DE CONTROL | |
| campo de control | BRCA_8967 |
| 005 - FECHA Y HORA DE LA ÚLTIMA TRANSACCIÓN | |
| campo de control | 20190320210456.0 |
| 008 - DATOS DE LONGITUD FIJA--INFORMACIÓN GENERAL | |
| campo de control de longitud fija | 240817s1749----it-a######---#000-0#lat-# |
| 041 ## - CÓDIGO DE LENGUA | |
| Código de lengua del texto/banda sonora o título independiente | lat |
| 044 ## - CÓDIGO DEL PAÍS DE LA ENTIDAD EDITORA/PRODUCTORA | |
| Código MARC del país | it |
| 084 ## - OTRO NÚMERO DE CLASIFICACIÓN | |
| Número de clasificación | CO3 |
| Número de documento/Ítem | .C53 1749 |
| 100 1# - ENTRADA PRINCIPAL--NOMBRE DE PERSONA | |
| Nombre de persona | Chambers, Ephraim |
| Fechas asociadas al nombre | 1680 - 1740 |
| 9 (RLIN) | 22271 |
| 245 10 - MENCIÓN DE TÍTULO | |
| Título | Dizionario universale delle arti e delle scienze... |
| Mención de responsabilidad, etc. | di Efraimo Chambers della Societa´ Reale; traduzione esatta ed intiera dall´ Inglese |
| 260 ## - PUBLICACIÓN, DISTRIBUCIÓN, ETC. | |
| Lugar de publicación, distribución, etc. | Venezia |
| Nombre del editor, distribuidor, etc. | Presso Giambatista Pasquali |
| Fecha de publicación, distribución, etc. | 1749 |
| 300 ## - DESCRIPCIÓN FÍSICA | |
| Extensión | 480 p. (t.2) |
| Otras características físicas | il. |
| Dimensiones | 27 x 19.5 cm |
| 500 ## - NOTA GENERAL | |
| Nota general | Con Licenza de´ Superiori, e Privilegio dell´ Eccellentiss. Senato. |
| 500 ## - NOTA GENERAL | |
| Nota general | Estado físico: presenta encuadernación en pergamino con presencia del pez de plata y cantos decorados |
| 650 14 - PUNTO DE ACCESO ADICIONAL DE MATERIA--TÉRMINO DE MATERIA | |
| Término de materia o nombre geográfico como elemento de entrada | Enciclopedia y diccionario, Italiano |
| 9 (RLIN) | 22272 |
| 902 ## - CATALOGADOR | |
| Iniciales | CFM |
| 942 ## - ELEMENTOS DE PUNTO DE ACCESO ADICIONAL (KOHA) | |
| Fuente del sistema de clasificación o colocación | Library of Congress Classification |
| Tipo de ítem Koha | Libros |
| Estado de retiro | Estado de pérdida | Estado dañado | No para préstamo | Localización permanente | Ubicación/localización actual | Fecha de adquisición | Total de préstamos | Signatura topográfica completa | Código de barras | Fecha visto por última vez | Precio válido a partir de | Tipo de ítem Koha |
|---|---|---|---|---|---|---|---|---|---|---|---|---|
| El ejemplar forma parte de la colección y puede ser consultado según las políticas vigentes. | Biblioteca del Museo Franz Mayer (Rogerio Casas-Alatriste) | Biblioteca del Museo Franz Mayer (Rogerio Casas-Alatriste) | 06/07/2017 | CO3 .C53 1749 | CFM00376 | 22/03/2019 | 22/03/2019 | Libros |